00481nam a22001577a 450000500170000000800410001702000140005804100120007208200140008410000280009824500710012625000190019726000510021630000310026765000250029820240116104646.0231106b |||||||| |||| 00| 0 eng d a070210728 aEnglish a346.5 MEY aMeyerowitz, DlEnglish  aThe Law and Practice of Administration of Estates :cD Meyerowitz  aFifth Edition  aCape Town : bJuta and Company Limited, c1976 bxxx, 720 pages ; c26 cm.  aLegal practice bLaw